000
00233nam a2200097Ia 4500
005
20250424120323.0
008
250424s9999 xx 000 0 und d
050
_a
Shell nigeria and biodiversity
260
_a
Shell Nigeria
650
_a
SR
999
_c
38640
_d
38640